000 00517nam a22001817a 4500
005 20151117104028.0
010 _aENG-113999
020 _c300.00
_a9789350450871
035 _aEN-97531
037 _bDBAD/PUB
_adpl
082 _aS
100 _aMahbubar Rahman
245 _aIn the land of the Pandavas /
_cby Mahbubar Rahman
260 _aCalcutta
_bWriters Workshop
_c2014
270 _a162/92, Lake Gardens,
_bCalcutta
_e700045
300 _a105p.
_c22cm(Hb)
942 _2ddc
_cEN
_mMAH
_hS
999 _c96544
_d96544